| 000 | 00730nam a22001817a 4500 | ||
|---|---|---|---|
| 999 |
_c80723 _d80723 |
||
| 008 | 201130b ||||| |||| 00| 0 eng d | ||
| 040 |
_bger _cSTAFF _erda _aSTAFF |
||
| 041 | _ager | ||
| 100 | _aMatthes Ina | ||
| 245 |
_aWie gehen wir mit Wasser um ? _bDas Land regelt Management des kostbaren Nass neu. In einem ersten Schritt geht es um Flüsse und Seen. Doch auch Grundwasser ist ein Thema. _cIna Matthes |
||
| 653 | _aBrandenburg/ Frankfurt (Oder) | ||
| 653 | _aNiedrigwasser | ||
| 773 |
_dFrankfurt (Oder): Märkisches Verlags- und Druckhaus GmbH & Co KG _g32. Jahrgang (2021) Nr. 39 vom 16.02.2021, S. 5: Foto _tMärkische Oderzeitung |
||
| 942 | _cA | ||